| 000 | 00379nam a22001337a 4500 | ||
|---|---|---|---|
| 008 | 241218b |||||||| |||| 00| 0 eng d | ||
| 020 | _a9789781943041 | ||
| 050 |
_aHD5260 _b.N48 |
||
| 100 | _aNGU, Manti Sylva | ||
| 245 | _aPersonnel Management in Nigeria: Principles and Practice | ||
| 260 |
_aZaria _bAhmadu Bello University Press Ltd. _c1994 |
||
| 300 | _ax, 259p. | ||
| 942 | _cBK | ||
| 999 |
_c1862 _d1862 |
||